书目信息 |
| 题名: |
英语专业四级考试听写与听力理解高分过关
|
|
| 作者: | 季文娜 , 黄嫱 , 李彦 编著 | |
| 分册: | ||
| 出版信息: | 天津 南开大学出版社 2006.08 |
|
| 页数: | 201页 | |
| 开本: | 26cm | |
| 丛书名: | 高等院校英语专业四级考试专项训练系列 | |
| 单 册: | ||
| 中图分类: | H319.9 | |
| 科图分类: | ||
| 主题词: | 英语--ying yu--听说教学--高等学校--水平考试--自学参考资料 | |
| 电子资源: | ||
| ISBN: | 7-310-02450-8 | |
| 000 | 01285nam 2200289 450 | |
| 001 | 012007924825 | |
| 005 | 20070510095220.67 | |
| 010 | @a7-310-02450-8@dCNY28.00 (含光盘) | |
| 100 | @a20070411d2006 km y0chiy0120 ea | |
| 101 | 0 | @achi@aeng |
| 102 | @aCN@b120000 | |
| 105 | @ay z 000yy | |
| 200 | 1 | @a英语专业四级考试听写与听力理解高分过关@Aying yu zhuan ye si ji kao shi ting xie yu ting li li jie gao fen guo guan@f季文娜 ... [等] 编著@Fji wen na...[deng]bian zhu |
| 210 | @a天津@c南开大学出版社@d2006.08 | |
| 215 | @a201页@d26cm@e光盘1片 | |
| 225 | 2 | @a高等院校英语专业四级考试专项训练系列@Agao deng yuan xiao ying yu zhuan ye si ji kao shi zhuan xiang xun lian xi lie |
| 304 | @a编著还有:黄嫱、李彦、晏尚元 | |
| 307 | @a光盘 ISRN: 7-900667-46-6 | |
| 330 | @a本书按照“高等学校英语专业教学大纲”的要求,从历年试卷分析着手,讲解了有关听写与听力理解的基础知识、解题方法、技巧,设计了自测模拟题,并针对听力考试中出现的问题提供了许多可行性训练。 | |
| 410 | 0 | @12001 @a高等院校英语专业四级考试专项训练系列 |
| 606 | 0 | @a英语@Aying yu@x听说教学@x高等学校@x水平考试@j自学参考资料 |
| 690 | @aH319.9@v4 | |
| 701 | 0 | @a季文娜@Aji wen na@4编著 |
| 701 | 0 | @a黄嫱@Ahuang qiang@4编著 |
| 701 | 0 | @a李彦@Ali yan@4编著 |
| 801 | 0 | @aCN@c20070510 |
| 905 | @a10447@dH319.9@eJ182 | |
| 英语专业四级考试听写与听力理解高分过关/季文娜 ... [等] 编著.-天津:南开大学出版社,2006.08 |
| 201页;26cm+光盘1片.-(高等院校英语专业四级考试专项训练系列) |
| ISBN 7-310-02450-8:CNY28.00 (含光盘) |
| 本书按照“高等学校英语专业教学大纲”的要求,从历年试卷分析着手,讲解了有关听写与听力理解的基础知识、解题方法、技巧,设计了自测模拟题,并针对听力考试中出现的问题提供了许多可行性训练。 |
| ● |
| 相关链接 |
|
|
|
正题名:英语专业四级考试听写与听力理解高分过关
索取号:H319.9/J182
 
预约/预借
| 序号 | 登录号 | 条形码 | 馆藏地/架位号 | 状态 | 备注 |
| 1 | 240509 | 202405094 | 语言库209/ [索取号:H319.9/J182] | 在馆 | |
| 2 | 240510 | 202405101 | 语言库209/209语言库 59排7列2层/ [索取号:H319.9/J182] | 在馆 | |
| 3 | 240511 | 202405110 | 语言库209/209语言库 59排7列2层/ [索取号:H319.9/J182] | 在馆 |